000 00769nam a2200241 4500
999 _c9714
_d9714
001 18017830
003 GBCCL
005 20241126110717.0
008 00026401987 pau 000 0 eng
010 _a87070163
040 _aDLC
_cDLC
_dATH
050 0 _aBS2775.4
_b.T69 1987
082 _a252
_bTOZ
100 1 _aTozer, A. W.
_q(Aiden Wilson),
_d1897-1963.
_91497
245 1 0 _aJesus, our man in glory /
_cA.W. Tozer ; compiled and edited by Gerald B. Smith.
260 _aCamp Hill, Pa. :
_bChristian Publications,
_cc1987.
300 _a136 p. ;
_c21 cm.
610 2 0 _aChristian and Missionary Alliance
_xSermons.
_92783
630 0 0 _aBible.
_pHebrews
_xSermons.
_92784
650 0 _aSermons, American.
_9270
700 1 _aSmith, Gerald B.
_92785
942 _2ddc
_cBK
_01